| 000 | 00667cam a2200229 a 4500 | ||
|---|---|---|---|
| 020 | _a0669353353 | ||
| 082 | 0 | 0 |
_a515 _bLAR _cD |
| 100 | 1 |
_aLarson, Ron, _939190 |
|
| 245 | 1 | 0 | _aCalculus with analytic geometry. |
| 250 | _a5th ed. / | ||
| 260 |
_aLexington, Mass. : _bD.C. Heath, _cc1994. |
||
| 300 |
_axxxvii, 1127, 129 p. : _bill. (some col.) ; _c28 cm. |
||
| 500 | _aCover title: Calculus. | ||
| 500 | _aIncludes index. | ||
| 526 |
_a0 _b0 _c0 _d515_000000000000000_LAR |
||
| 650 | 0 | _aCalculus. | |
| 650 | 0 |
_aGeometry, Analytic. _957 |
|
| 650 | 0 |
_aMCE _9379 |
|
| 700 | 1 |
_aEdwards, Bruce H., _939191 |
|
| 700 | 1 |
_aHostetler, Robert P. _939192 |
|
| 942 |
_2ddc _cBK |
||
| 999 |
_c543716 _d543716 |
||